00409pab a2200145 454500008004000000100002000040245008000060260000900140300001400149362000800163650001800171650002300189700001600212773003500228180718b2010 xxu||||| |||| 00| 0 eng d aArestis, Philip aFinancial globalisation and crisis, institutional transformation and equity c2010 ap.225-38. aMar aGlobalization aEconomic recession aSingh, Ajit aCambridge Journal of Economics